[Event "ROM-ch U08"]
[Site "Calimanesti Caciulata"]
[Date "2016.04.24"]
[Round "8"]
[White "Vlad, Robert Cristian"]
[Black "Mocanu, Mihnea Tudor"]
[Result "1/2-1/2"]
[WhiteElo "1112"]
[BlackElo "1002"]
[PlyCount "52"]
[EventDate "2016.04.18"]
[EventType "swiss"]
[EventRounds "9"]
[EventCountry "ROU"]
[SourceTitle "CBM 172 Extra"]
[Source "ChessBase"]
[SourceDate "2016.06.21"]
[SourceVersion "1"]
[SourceVersionDate "2016.06.21"]
[SourceQuality "1"]

1. e4 e6 2. d4 d5 3. e5 c5 4. c3 Nc6 5. Nf3 Qb6 6. b3 Nge7 7. Ba3 Nf5 8. g4 Nfe7 9. Bxc5 Qc7 10. b4 b6 11. Bd6 Qb7 12. b5 Na5 13. Bd3 Nc4 14. 0-0 Nb2 15. Qc2 Nc4 16. Qb3 a5 17. Bxc4 dxc4 18. Qd1 Qd5 19. a4 Bb7 20. Kg2 Ng6 21. Bxf8 Nh4+ 22. Kg3 Nxf3 23. Bxg7 Rg8 24. Bf6 Nxh2 25. Rg1 Nf3 26. Rg2 Rxg4+ 1/2-1/2

[Event "ROM-ch U08"]
[Site "Calimanesti Caciulata"]
[Date "2016.04.22"]
[Round "6"]
[White "Vlad, Robert Cristian"]
[Black "Lefter, Albert"]
[Result "1-0"]
[WhiteElo "1112"]
[BlackElo "1001"]
[PlyCount "77"]
[EventDate "2016.04.18"]
[EventType "swiss"]
[EventRounds "9"]
[EventCountry "ROU"]
[SourceTitle "CBM 172 Extra"]
[Source "ChessBase"]
[SourceDate "2016.06.21"]
[SourceVersion "1"]
[SourceVersionDate "2016.06.21"]
[SourceQuality "1"]

1. e4 c6 2. d4 d5 3. e5 e6 4. Nf3 Bb4+ 5. Bd2 Bxd2+ 6. Qxd2 b6 7. b4 Bb7 8. Nc3 Ne7 9. Bd3 Qc7 10. Na4 Nd7 11. Qc3 0-0-0 12. 0-0 f5 13. Ng5 h6 14. Nf7 Rdf8 15. Nxh8 Rxh8 16. h3 Qd8 17. g3 Qe8 18. Be2 Qg6 19. Kg2 f4 20. Bd3 Qg5 21. Kh2 fxg3+ 22. fxg3 Nf8 23. Rf2 Qe3 24. Raf1 Nfg6 25. Rf7 Qg5 26. Bxg6 Nxg6 27. Rxg7 Ba6 28. Rf6 Qh5 29. Qxc6+ Kb8 30. b5 Qe2+ 31. Kg1 Qe1+ 32. Rf1 Qxg3+ 33. Kh1 Qxh3+ 34. Kg1 Bc8 35. Rxg6 Bb7 36. Qd6+ Ka8 37. Rf8+ Rxf8 38. Qxf8+ Bc8 39. Qxc8# 1-0

[Event "ROM-ch U08"]
[Site "Calimanesti Caciulata"]
[Date "2016.04.18"]
[Round "1"]
[White "Lupu, Dennis George"]
[Black "Vlad, Robert Cristian"]
[Result "1-0"]
[WhiteElo "1001"]
[BlackElo "1112"]
[PlyCount "91"]
[EventDate "2016.04.18"]
[EventType "swiss"]
[EventRounds "9"]
[EventCountry "ROU"]
[SourceTitle "CBM 172 Extra"]
[Source "ChessBase"]
[SourceDate "2016.06.21"]
[SourceVersion "1"]
[SourceVersionDate "2016.06.21"]
[SourceQuality "1"]

1. d4 d5 2. Nf3 Nc6 3. e3 Bf5 4. Bd3 Be4 5. 0-0 Nf6 6. Nc3 e6 7. Ng5 Bxd3 8. Qxd3 h6 9. Nf3 Bb4 10. Bd2 Bxc3 11. Bxc3 Ne4 12. g3 Qf6 13. Ne5 Nxc3 14. Qxc3 Nxe5 15. dxe5 Qe7 16. Rfe1 0-0-0 17. Qd4 Kb8 18. Rad1 Qd7 19. Rd2 Rhe8 20. Red1 c6 21. b3 Qc7 22. c4 Qa5 23. e4 a6 24. exd5 cxd5 25. cxd5 Rxd5 26. Qf4 Rxd2 27. Rxd2 f5 28. exf6+ Ka8 29. h3 gxf6 30. Qxh6 Rc8 31. Qf4 Ka7 32. Rd1 Qxa2 33. Qd4+ Kb8 34. Qd6+ Ka8 35. Qxe6 Rc3 36. Qxf6 Qxb3 37. Qd4 a5 38. Re1 Kb8 39. Re8+ Kc7 40. Qd8+ Kc6 41. Qc8+ Kd6 42. Qb8+ Kc6 43. Qc8+ Kd6 44. Qg4 a4 45. Qd4+ Kc6 46. Rc8+ 1-0